| 000 | 08781nam a22006857a 4500 | ||
|---|---|---|---|
| 005 | 2008061900390.0 | ||
| 008 | 080603t xxu||||| |||| 00| 0 eng d | ||
| 010 | _aENG-90270 B-317972-318007 | ||
| 020 |
_a8179662020 _c70.00 |
||
| 020 |
_a9788179662021 _c70.00 |
||
| 035 | _aEN-73803 | ||
| 035 | _aB-317972-318007 | ||
| 037 | _bDBAD / PUB | ||
| 040 |
_aDPL _bEnglish |
||
| 082 | _a650.14 | ||
| 100 | _aLawrence, Annee | ||
| 245 |
_aThe job seekers handbook / _cby Annee Lawrence _b |
||
| 260 |
_aChennai _bEmerald Publishers _c2006 |
||
| 270 |
_a15A, First Floor, Case Major Road, Egmore, _bChennai _e600008 _k91-44-28193206 |
||
| 300 |
_axiii, 137p.: _c22 cm. (pbk) _bill. |
||
| 942 |
_2ddc _cEN _h650.14 _mLAW |
||
| 999 |
_c13204 _d13204 |
||